000 00813nam a2200229 a 4500
001 44269
003 BD-RjUL
005 20211209053828.0
008 160716s1955 bg ||||| |||| 00| f ben d
020 _c: Tk. 2.00
035 _a(BD-RjUL)44387
040 _aBD-RjUL
_bben
_cBD-RjUL
041 _aben
082 _223
_a891.443
_bUDK 1955
100 _aউদদীন, সরদার জয়েন
_9135920
245 1 0 _aখরস্রোত /
_cসরদার জয়েন উদদীন
260 _aঢাকা :
_bকোহিনূর লাইব্রেরী,
_c১৯৫৫ (১৩৬২)
300 _a[৮], ১৪৩ পৃ. :
_bচিত্র ;
_c১৭ সেমি.
650 _aবাংলা উপন্যাস
_9135921
650 _aBengali Fiction
_9135922
942 _2ddc
_cBK
999 _c44269
_d44269